Attitude and alchemy : (Record no. 25427)

000 -LEADER
fixed length control field 01584cam a22003614a 4500
001 - CONTROL NUMBER
control field 16615517
005 - DATE AND TIME OF LATEST TRANSACTION
control field 20170131120120.0
008 - FIXED-LENGTH DATA ELEMENTS--GENERAL INFORMATION
fixed length control field 110119s2011 ncua bc 000 0 eng
010 ## - LIBRARY OF CONGRESS CONTROL NUMBER
LC control number 2011002790
020 ## - INTERNATIONAL STANDARD BOOK NUMBER
International Standard Book Number 9780983194200 (pbk.)
020 ## - INTERNATIONAL STANDARD BOOK NUMBER
International Standard Book Number 0983194203 (pbk.)
040 ## - CATALOGING SOURCE
Original cataloging agency DLC
Transcribing agency DLC
Modifying agency DLC
042 ## - AUTHENTICATION CODE
Authentication code pcc
043 ## - GEOGRAPHIC AREA CODE
Geographic area code n-us---
050 00 - LIBRARY OF CONGRESS CALL NUMBER
Classification number NK7198
Item number .N64A4 2011
100 1# - MAIN ENTRY--PERSONAL NAME
Personal name Noffke, Gary.
245 10 - TITLE STATEMENT
Title Attitude and alchemy :
Remainder of title the metalwork of Gary Lee Noffke /
Statement of responsibility, etc. edited by Allie Farlowe ; with an essay by Jeannine Falino.
246 30 - VARYING FORM OF TITLE
Title proper/short title Metalwork of Gary Lee Noffke
260 ## - PUBLICATION, DISTRIBUTION, ETC. (IMPRINT)
Place of publication, distribution, etc. [Charlotte, N.C.] :
Name of publisher, distributor, etc. Mint Museum of Craft + Design,
Date of publication, distribution, etc. 2011.
300 ## - PHYSICAL DESCRIPTION
Extent 140 p. :
Other physical details col. ill. ;
Dimensions 28 cm.
504 ## - BIBLIOGRAPHY, ETC. NOTE
Bibliography, etc Includes bibliographical references.
600 10 - SUBJECT ADDED ENTRY--PERSONAL NAME
Personal name Noffke, Gary
Form subdivision Exhibitions.
650 #0 - SUBJECT ADDED ENTRY--TOPICAL TERM
Topical term or geographic name as entry element Metal-work
Geographic subdivision United States
General subdivision History
Chronological subdivision 20th century
Form subdivision Exhibitions.
650 #0 - SUBJECT ADDED ENTRY--TOPICAL TERM
Topical term or geographic name as entry element Metal-work
Geographic subdivision United States
General subdivision History
Chronological subdivision 21st century
Form subdivision Exhibitions.
700 1# - ADDED ENTRY--PERSONAL NAME
Personal name Farlowe, Allie.
700 1# - ADDED ENTRY--PERSONAL NAME
Personal name Falino, Jeannine J.
710 2# - ADDED ENTRY--CORPORATE NAME
Corporate name or jurisdiction name as entry element Mint Museum of Craft + Design.
942 ## - ADDED ENTRY ELEMENTS (KOHA)
Source of classification or shelving scheme
Koha item type Hard Covered Materials
Classification part NK7198 .N64A4 2011
Holdings
Withdrawn status Lost status Source of classification or shelving scheme Damaged status Not for loan Home library Current library Shelving location Date acquired Source of acquisition Total Checkouts Full call number Barcode Date last seen Price effective from Koha item type
          MACHAKOS UNIVERSITY LIBRARY MACHAKOS UNIVERSITY LIBRARY Technical section 31/01/2017 Donation(BFA)   NK7198 .N64A4 2011 33432 27/07/2018 31/01/2017 Hard Covered Materials
© Machakos University Library, Along The Highway, Machakos Wote Rd, Machakos, Kenya P.O. Box 136 - 90100 Machakos - Kenya

Tel: ( +254 ) 723 805829 OR Fax : 044-20353 OR Email: library@mksu.ac.ke